Emergency liquidity support facilities

Saved in:
Bibliographic Details
Main Author: He, Dong
Format: Book
Language:English
Published: Washington International Monetary Fund 2000
Series:IMF Working Paper WP/00/79
Subjects:
Tags: Add Tag
No Tags, Be the first to tag this record!

MARC

LEADER 00000nam a2200000 4500
001 c124245
005 20221221082208.5
041 0 |a eng 
044 |a US 
245 1 0 |a Emergency liquidity support facilities  |c Dong He 
264 1 |a Washington  |b International Monetary Fund  |c 2000 
300 |a 36 s. 
490 1 |a IMF Working Paper  |v WP/00/79 
830 0 |a IMF Working Paper  |v WP/00/79 
610 2 0 |a likvidita 
610 2 0 |a veritelia 
610 2 0 |a banky centrálne 
610 2 0 |a pôžičky 
100 1 |a He, Dong